Transfery Rakowa w letnim okienku transferowym 2021/22. - Statystyki

Ogólne statystyki
  • Ten quiz został rozwiązany 69 razy
  • Średni wynik to 6 z 11
Statystyki odpowiedzi
Cena Pozycja Narodowość Poprzedni Klub Piłkarz % Poprawnych
500 tys Bramkarz Bośnia i Hercegowina FK Sarajevo Kovacevic
97%
125 tys Środkowy obrońca Chorwacja Jagiellonia Białystok Arsenic
83%
? Środkowy obrońca Serbia Podbeskidzie Bielsko-Biała Rundic
73%
Za darmo Ofensywny pomocnik Gruzja Legia Warszawa Gvilia
72%
? Prawy napastnik Portugalia OFI Kreta Sturgeon
52%
? Środkowy napastnik Portugalia Famalicao Guedes
47%
Za darmo Lewy napastnik Serbia Lechia Gdańsk Udovicic
45%
? Środkowy pomocnik Portugalia Vitoria Guimaraes Luis
43%
Za darmo Defensywny pomocnik Austria Eintracht Brunszwik Wydra
43%
Za darmo Środkowy obrońca Australia Brisbane Roar Courtney-Perkins
38%
Za darmo Środkowy napastnik Portugalia FC Porto U19 Vieira
38%
Nie znaleziono quizów pasujących do podanych kryteriów
Rozkład punktacji
Procent ludzi z każdym wynikiem
Percentyl według liczby udzielonych odpowiedzi
Twoja historia wyników
Nie rozwiązałeś tego quizu